000 00512nam a2200181Ia 4500
005 20250508161702.0
008 008 250505s9999 xx 000 0 eng d
037 _aTextual
040 _aFEDL
_beng
_cFEDL
041 _aeng
_2eng
084 _a371.73, BUC
_qFEDL
100 _aBucher Charies A
_9771331
245 0 _aPhysical education for life
260 _aNew York, USA
_bMcGraw-Hill Book Company
_c1969
300 _avii,312p.
942 _cTEXL
_h371.73, BUC
999 _c1371546
_d1371546